[Event "31st open TETEVEN"]
[Site "Teteven"]
[Date "2016.08.21"]
[Round "9.8"]
[White "Pashev, Dimitar"]
[Black "Burdarev, Evgeni"]
[Result "1/2-1/2"]
[WhiteElo "1991"]
[BlackElo "1944"]
[PlyCount "32"]
[EventDate "2016.08.13"]
[EventType "swiss"]
[EventRounds "9"]
[EventCountry "BUL"]

1. d4 Nf6 2. c4 c5 3. d5 b5 4. cxb5 a6 5. bxa6 Bxa6 6. Nc3 g6 7. Nf3 d6 8. e4
Bxf1 9. Kxf1 Nbd7 10. h3 Bg7 11. g3 O-O 12. Kg2 Nb6 ({RR} 12... Ra6) ({RR} 
12... Qa5) 13. Re1 ({RR} 13. Qc2 Qb8 14. Rb1 Qb7 15. Rd1 Nfd7 16. b3 Ne5 17.
Nxe5 ({RR} 17. Nd2 Qa6 18. Nf1) 17... Bxe5 18. Bh6 Rfc8 19. Rd2 Qa6 20. Nd1 c4)
({RR} 13. Qe2 Na4 14. Nd1 Qd7 ({RR} 14... Re8) 15. Rb1 e6 16. dxe6 fxe6 17. b3
Nb6 18. Nc3 Nh5 19. Bb2 d5 20. a4 d4 21. Nb5 Rf7 22. Rhf1 Raf8 23. Ng5 Rf4 24.
Bc1 d3 25. Qd1 R4f6 26. h4) 13... Nfd7 ({RR} 13... Qd7 14. a4 ({RR} 14. Qc2 Qb7
({RR} 14... e6 15. dxe6 fxe6 16. Bg5 Nh5 17. Rad1 Rf7 18. Nh2 d5 19. Ng4 d4 20.
b3 Qc6 21. Ne2 e5 22. Nc1 c4 23. bxc4 Qxc4 24. Qb3 Rb7 25. Re2 Qxb3 26. axb3)
15. Rb1 Nfd7 16. Bf4 Nc4 17. Qe2 Qb4 18. Rec1 Rfb8 19. Nd1 Nde5 20. Bxe5 Nxe5
21. Nxe5 Bxe5 22. a3 Qb5 23. Qf3 Bd4 24. b4 Qa4 25. Rb3 cxb4 26. Rcb1 Bc5 27.
Nc3 Qxa3 28. Rxa3 Rxa3) 14... Rfb8 15. Qc2 ({RR} 15. Ra2 Ne8 16. e5 Nc7 17. Bf4
Na6 18. b3 Nb4 19. Rae2 Qb7 20. Nb5 dxe5 21. Bxe5 Bxe5 22. Nxe5 N6xd5 23. Kh2
Rd8) 15... Ne8 16. b3 Nc7 17. Bb2 Na6 18. Qe2 c4 19. a5 Nc8 20. bxc4 Nc5 21.
Nd1 Nb3 22. Bxg7 Kxg7 23. Ra3 Nxa5 24. Qa2) ({RR} 13... Qc7 14. Re2 Rfb8 15.
Rc2 Qb7 16. Qe2 Nfd7 17. b3 Qa6 18. Qe3 Ne5 19. Nxe5 Bxe5 20. Bb2 Bd4 21. Qd2
Nd7 22. Rd1 Bg7 23. Ne2 Bxb2 24. Rxb2 Rb4 25. Nc3 Rd4 26. Qe3 Rxd1 27. Nxd1 Ne5
28. Rd2) 14. Qe2 ({RR} 14. Bf4 Qb8 ({RR} 14... Nc4 15. Qe2 ({RR} 15. Qc1 Qa5
16. Bh6 Bxh6 17. Qxh6 Rfb8 18. e5 dxe5 19. Qh4 Nxb2 20. Qxe7 Qxc3 21. Qxd7 Nd3)
15... Nce5 16. Nxe5 Nxe5 17. Nb5 ({RR} 17. Rac1 Qa5 ({RR} 17... Nd7 18. Rc2 Ra7
19. b3 Qa8 20. Nb5 Rb7 21. a4 Rfb8 22. Qf3 Qa6 23. Ree2 Kf8 24. h4 h5 25. g4)
18. Rc2 Qa6 19. Bxe5 Bxe5 20. Qxa6 Rxa6)) 15. Qe2 Na4 ({RR} 15... Qb7 16. Rad1
Bxc3 ({RR} 16... Na4 17. Nxa4 Rxa4 18. b3 Ra6) 17. bxc3 Ra4 18. Qb5 f6 19. Rb1
Rxa2 20. Ra1 Rfa8 21. Rxa2 Rxa2 22. Qc6) 16. Nxa4 Rxa4 17. e5 ({RR} 17. b3 Bxa1
({RR} 17... Ra3 18. Rac1) 18. bxa4 Bg7) 17... Nb6 18. b3 ({RR} 18. Qc2 Rxf4 19.
gxf4 Nxd5) 18... Rxf4 ({RR} 18... Ra3 19. Rad1) 19. gxf4 Nxd5 20. Qc4 ({RR} 20.
Qd2 e6 21. Kg1 Bh6 22. Ng5 Rd8) 20... e6 21. Rad1 ({RR} 21. Rac1 Bh6 22. exd6 (
{RR} 22. Ng5 dxe5 23. Rxe5 Qa8) 22... Bxf4 23. Rc2 ({RR} 23. Qxc5 Bxc1 24. Qxc1
Qxd6) 23... Bxd6) 21... dxe5 ({RR} 21... Bh6 22. f5 ({RR} 22. Kh1) 22... Qa8
23. Qe4 dxe5 24. fxe6 fxe6 25. a4) ({RR} 21... Rd8 22. Kg1 ({RR} 22. Rxd5 exd5
23. Qxd5 dxe5 24. Qxc5)) 22. fxe5 Qa8 23. Qxc5 ({RR} 23. Kg1 Qxa2 24. Ra1) ({RR
} 23. a4 f6 ({RR} 23... Bh6 24. Re4 Rb8)) 23... Nf4+ 24. Kg3 Nh5+ 25. Kg2 ({RR
} 25. Kg4 f5+ 26. exf6 Nxf6+ 27. Kg3 Nh5+) 25... Nf4+ 26. Kg3 {
1/2 Karpov,A (2688)-Adianto,U (2562)/Cap d'Agde 2002/CBM 092/[Stohl,I]}) ({RR} 
14. Qc2 Nc4 ({RR} 14... Qc8 15. b3 c4 16. b4 Na4 17. Bd2 Ndb6 18. a3 e6 19.
Rac1 Nxc3 20. Bxc3 Bxc3 21. Qxc3 exd5 22. exd5 Qb7 23. Qe3 Rae8 24. Qxe8 Rxe8
25. Rxe8+ Kg7 26. Re4 Qxd5 27. Rd4 Qc6 28. Rc3 d5 29. Rf4 {
Pogosyan,S (1898)-Muradyan,R (1657)/Batumi 2014/EXT 2016/1-0 (41)}) 15. a4 ({RR
} 15. b3 Qa5) 15... Qa5 16. Nb5 Qb4 17. Ra2 Nce5 18. Nxe5 Bxe5 19. Re2 Rfc8 20.
f4 Bg7 21. e5 Nb6 22. Bd2 Qxb5 23. axb5 Rxa2 24. Qb3 Ra7 25. exd6 exd6 26. Bc3)
14... Qb8 $146 ({RR} 14... Na4 15. Nxa4 ({RR} 15. Nd1 Qc7 16. Bf4 Qb7 17. Rb1)
15... Rxa4 16. Bg5 ({RR} 16. Bf4 Qa8 17. a3 Rb8 18. Rab1 Qb7 19. Kg1 Ra5 20. e5
Qxd5 21. exd6 e6 22. Ne5 Bxe5 23. Bxe5 Rab5 24. Bc3 Qc6 25. Rbd1 R5b6 26. Qc4
Qb5 27. Qf4 R6b7 28. Qh6 e5 29. Bxe5 Nxe5 30. Rxe5 Rd7 {
Guo,E (2092)-Smith,V (1742)/Nadi 2013/CBM 154 Extra/1-0 (44)}) ({RR} 16. Qc2
Ra6 17. Bd2 Qa8 18. a3 f5 19. Bc3 Bxc3 20. bxc3 Nf6 21. exf5 Nxd5 22. c4 Nb4
23. Qe4 Qxe4 24. Rxe4 Rxf5 25. Rxe7 Nc2 26. Ra2 Rxa3 27. Rxa3 Nxa3 28. Nd2 Rf7
29. Rxf7 Kxf7 30. Kf3 Ke6 {
Rogalski,K (1948)-Winiarski,M (1674)/Milanowek 2010/EXT 2011/1/2 (31)}) 16...
h6 17. Bf4 g5 18. Bc1 Qb6 19. Qc2 Qb5 20. b3 Ra7 21. Rb1 Rfa8 22. a4 Qb4 23.
Bd2 Qb7 24. h4 g4 25. Ng1 Ne5 26. Bc3 Rb8 27. Bxe5 Bxe5 28. Qd2 Bg7 29. Qd1 {
Stroemmesen,T-Soraas,T/Narvik 2000/EXT 2004/1/2 (32)}) 15. Bg5 Na4 16. Nxa4
Rxa4 1/2-1/2

[Event "31st open TETEVEN"]
[Site "Teteven"]
[Date "2016.08.21"]
[Round "9.9"]
[White "Boev, Viktor"]
[Black "Nikolov, Sasho"]
[Result "0-1"]
[WhiteElo "1976"]
[BlackElo "2359"]
[PlyCount "70"]
[EventDate "2016.08.13"]
[EventType "swiss"]
[EventRounds "9"]
[EventCountry "BUL"]

1. e4 c6 2. Nc3 d5 3. Nf3 a6 4. a4 Bg4 5. h3 Bxf3 6. Qxf3 e6 7. d4 $146 ({RR} 
7. g3 Nf6 8. Bg2 Bb4 9. e5 Nfd7 10. Qg4 Bf8 11. d4 c5 12. dxc5 Nxe5 13. Qe2
Nbc6 14. O-O Be7 15. f4 Ng6 16. f5 exf5 17. Nxd5 O-O 18. Nxe7+ Ngxe7 19. Bg5
Qd4+ 20. Qe3 Qxe3+ 21. Bxe3 Rad8 {
Budimir,D (2153)-Jeremic,M (2138)/Belgrade 2015/CBM 166 Extra/1/2 (40)}) 7...
Nf6 8. Be3 Bb4 9. Bd3 c5 10. exd5 Qxd5 11. dxc5 Qxf3 12. gxf3 Nd5 13. Ke2 Bxc3
14. bxc3 Nd7 15. Be4 Nxc3+ 16. Kd2 Nxe4+ 17. fxe4 O-O-O 18. Ke2 Ne5 19. Rab1
Nc6 20. Rb6 Rd7 21. Rhb1 Rc7 22. R6b3 Rd8 23. Rd3 Rcd7 24. Rdb3 e5 25. Rd3 Nd4+
26. Kd2 g6 27. Kc3 f6 28. Bxd4 Rxd4 29. Rbd1 R4d7 30. Kc4 Kc7 31. Rxd7+ Rxd7
32. Rxd7+ Kxd7 33. Kd5 a5 34. f3 g5 35. c3 h6 0-1

[Event "31st open TETEVEN"]
[Site "Teteven"]
[Date "2016.08.21"]
[Round "9.10"]
[White "Shumantov, Aleksandar"]
[Black "Janev, Pavel"]
[Result "0-1"]
[WhiteElo "1926"]
[BlackElo "2254"]
[PlyCount "148"]
[EventDate "2016.08.13"]
[EventType "swiss"]
[EventRounds "9"]
[EventCountry "BUL"]

1. d4 c5 2. d5 g6 3. c4 Bg7 4. Nc3 d6 5. e4 Nf6 6. Bd3 a6 ({RR} 6... Na6 7. h3
Nc7 8. Be3 O-O 9. Nf3 a6 10. a4 b6 11. O-O e5 12. dxe6 Nxe6 13. Qd2 Nd7 14. Nd5
Rb8 15. Rab1 a5 16. b3 Ne5 17. Nxe5 dxe5 18. Kh2 Bb7 19. Rbd1 Nd4 20. Bxd4 cxd4
21. Rb1 {Dorfman,J (2505)-Vasiukov,E (2545)/Volgodonsk 1981/MCD/1/2}) ({RR} 
6... Ng4 7. h3 Ne5 8. f4 Nxd3+ 9. Qxd3 f5 10. Nf3 Na6 11. e5 e6 12. O-O Nb4 13.
Qd1 O-O 14. a3 Na6 15. Rb1 b6 16. Re1 Re8 17. Nb5 Bf8 18. exd6 Bxd6 19. dxe6
Be7 20. Qe2 Bf6 21. Rd1 {
Sorensen,D (1911)-Pedersen,K (1764)/Helsingor 2015/CBM 167 Extra/1/2}) 7. a4 a5
$146 ({RR} 7... Nbd7 8. Nf3 ({RR} 8. f4 b6 9. Nf3 O-O 10. O-O Ne8 11. Qe2 Qc7
12. Bd2 Bb7 13. Be1 e5 14. f5 Nef6 15. h3 Nh5 16. g3 Ndf6 17. Nh2 Kh8 18. Qe3
Rae8 19. g4 Nf4 20. g5 N6h5 21. f6 Nxf6 22. gxf6 Bxf6 {
Golovchenko,G (2320)-Bobrov,V (2264)/St Petersburg 2003/EXT 2005/1-0 (61)})
8... O-O 9. h3 ({RR} 9. O-O Ne8 10. Bf4 Ndf6 11. h3 Nc7 12. Re1 Bd7 13. Qe2 b5
14. e5 bxc4 15. exf6 cxd3 16. Qxe7 Bxf6 17. Qxd6 Rc8 18. Bh6 Bg7 19. Bg5 f6 20.
Be3 c4 21. Bb6 Bf5 22. Qc6 Qd7 23. Qxc4 Nb5 {
Farkas,T (2370)-Geroly,J/Hungary 1993/TD/1-0 (34)}) 9... e5 10. O-O Nh5 11. Ne2
f5 12. Ng5 Ndf6 13. exf5 gxf5 14. Ng3 Nxg3 15. fxg3 e4 16. Bc2 Qe8 17. Bf4 Qe7
18. h4 Ng4 19. Nh3 Bxb2 20. Rb1 Bd4+ 21. Kh1 Qc7 22. Qd2 {
Leblanc,P (1942)-Nielsen,J (2096)/Quebec 2014/EXT 2015/0-1 (37)}) 8. Nf3 Na6 9.
O-O Nb4 10. Bb1 e5 11. h3 Nh5 12. Bg5 Bf6 13. Bh6 Nf4 14. Bxf4 exf4 15. Qd2 Be5
16. Nxe5 dxe5 17. Nb5 O-O 18. Bd3 Qh4 19. Be2 Bd7 20. Qd1 h5 21. Ra3 Ra6 22.
Kh2 Kg7 23. Qe1 Rh8 24. Rc3 g5 25. f3 Qxe1 26. Rxe1 g4 27. h4 Rg8 28. Kg1 Kf6
29. Kf2 Ke7 30. Rd1 Rd6 31. Nxd6 g3+ 32. Kf1 Kxd6 33. b3 Bc8 34. Rd2 Na6 35.
Bd3 Rg6 36. Rc1 Kc7 37. Ke2 Rb6 38. Rb2 Bd7 39. Rcc2 Be8 40. Rd2 Nb8 41. Rb1
Kd6 42. Kd1 Ke7 43. Ke2 Rb4 44. Kd1 Nd7 45. Kc2 Rb6 46. Re2 Nf8 47. Rd2 Bd7 48.
Re2 Kd6 49. Rbe1 Rb4 50. Rb1 Rb6 51. Rbe1 Ra6 52. Rb1 Ra8 53. Kc3 Ke7 54. Kc2
f6 55. Rbe1 Kd6 56. Rb1 Ng6 57. Rbe1 Ke7 58. Kc3 Nxh4 59. Rh1 Nxg2 60. Rxg2 Rh8
61. Rh4 f5 62. Rg1 Kf6 63. Bf1 Kg5 64. Rgh1 fxe4 65. Bg2 exf3 66. Bxf3 e4 67.
Bxe4 Bg4 68. d6 Rd8 69. Rf1 Kxh4 70. Rxf4 Rxd6 71. Bxb7 g2 72. Bxg2 Kg3 73. Rf8
Kxg2 74. Ra8 h4 0-1

[Event "31st open TETEVEN"]
[Site "Teteven"]
[Date "2016.08.21"]
[Round "9.30"]
[White "Lakinska, Simona"]
[Black "Georgiev, Nikolay Zh."]
[Result "1/2-1/2"]
[WhiteElo "1717"]
[BlackElo "1537"]
[PlyCount "70"]
[EventDate "2016.08.13"]
[EventType "swiss"]
[EventRounds "9"]
[EventCountry "BUL"]

1. e4 e5 2. Nf3 Nc6 3. Bc4 Bc5 4. c3 f5 5. Bxg8 ({RR} 5. d4 fxe4 6. dxc5 exf3
7. Qxf3 Qf6 8. Nd2 Nge7 9. Qxf6 gxf6 10. O-O d6 11. cxd6 cxd6 12. Ne4 d5 13.
Nxf6+ Kd8 14. Nxd5 Be6 15. Rd1 Bxd5 16. Bg5 Kc7 17. Bxd5 Nxd5 18. Rxd5 Rhe8 19.
Rad1 Rac8 {Paiva,P (1468)-Dos Santos,F/Serra Talhada 2012/EXT 2014/1-0}) 5...
Rxg8 6. d4 $146 ({RR} 6. Nxe5 Qh4 7. Qe2 Qxe4 8. Nxc6 bxc6 9. d4 Be7 10. Qxe4
fxe4 11. Nd2 d5 12. O-O c5 13. Nb3 cxd4 14. cxd4 a5 15. Be3 Ba6 16. Rfc1 Bc4
17. Nd2 Bd3 18. Rxc7 Bd6 19. Rb7 Ba6 20. Rb6 Kd7 {
Garcia Gamazo,G-Garcia Corada,P/Valladolid 1987/EXT 2009/0-1 (37)}) 6... exd4
7. cxd4 Bb4+ 8. Bd2 fxe4 9. Ne5 Bxd2+ 10. Qxd2 Nxe5 11. dxe5 d5 12. exd6 Qxd6
13. Qxd6 cxd6 14. Nc3 Bf5 15. O-O-O O-O-O 16. Rhe1 Rge8 17. Rd4 Kb8 18. Re3 a6
19. Kd2 Kc7 20. Nxe4 Bxe4 21. Rexe4 Rxe4 22. Rxe4 Rd7 23. Kd3 Rf7 24. Ke3 Kc6
25. f4 Kd5 26. g4 g6 27. h3 Rc7 28. Rd4+ Ke6 29. Re4+ Kf7 30. Kd2 Rc5 31. a3
Rc7 32. b4 Rc6 33. Kd3 Rc1 34. Re3 Rd1+ 35. Ke2 Rd4 1/2-1/2

[Event "31st open TETEVEN"]
[Site "Teteven"]
[Date "2016.08.21"]
[Round "9.36"]
[White "Kosturkov, Krasimir"]
[Black "Nenchev, Georgi"]
[Result "1-0"]
[WhiteElo "1650"]
[BlackElo "1462"]
[PlyCount "81"]
[EventDate "2016.08.13"]
[EventType "swiss"]
[EventRounds "9"]
[EventCountry "BUL"]

1. e4 e6 2. d4 d5 3. e5 c5 4. c3 Qc7 ({RR} 4... Qa5 5. dxc5 Qc7 6. Nf3 Bxc5 7.
Bd3 Nc6 8. Bf4 Nge7 9. Bg3 Bd7 10. Nbd2 a6 11. O-O Ng6 12. Re1 Nce7 13. Nb3 Ba7
14. h4 Nc6 15. h5 Nge7 16. Bh4 h6 17. Rc1 Qb6 18. Qd2 Na5 19. Nxa5 {
Khairullin,I (2544)-Isaev,Y (2328)/Moscow 2008/CBM 122 Extra/1-0 (35)}) 5. Nf3
a6 ({RR} 5... b6 6. Bd3 Ba6 7. Bxa6 Nxa6 8. Qa4+ Kd8 9. Qxa6 cxd4 10. Nxd4
Qxe5+ 11. Be3 Kd7 12. Qb7+ Qc7 13. Qxa8 Bd6 14. Nb5 Qb8 15. Qxa7+ Qxa7 16. Nxa7
Kc7 17. Nb5+ Kc6 18. Nxd6 Kxd6 19. Bxb6 Nf6 20. a4 {
Shan,C (1223)-Yum,W (741)/Sandy Bay 2010/EXT 2011/1-0 (45)}) 6. Be2 $146 ({RR} 
6. Bd3 Nd7 7. O-O c4 8. Bc2 Rb8 9. Bf4 h6 10. Re1 Be7 11. Nbd2 g5 12. Bg3 Nf8
13. h3 Bd8 14. Nf1 Ne7 15. Ne3 b5 16. Ng4 Ng8 17. Nf6+ Bxf6 18. exf6 Qb7 19.
Bxb8 Qxb8 20. Ne5 Qc7 {Andreassen,L-Nilsen,I/Lakselv 1993/EXT 2004/1-0 (32)})
6... b5 7. O-O c4 8. a3 Ne7 9. Bg5 Ng6 10. b4 Be7 11. Bxe7 Qxe7 12. Nbd2 Bb7
13. g3 O-O 14. h4 Re8 15. Ng5 h6 16. Nh3 Nd7 17. Bh5 Nh8 18. f4 g6 19. Bf3 Nb6
20. h5 Kg7 21. Qc1 Rg8 22. hxg6 fxg6 23. Bd1 Raf8 24. Nf3 Bc6 25. Ra2 Na4 26.
Bxa4 bxa4 27. Rg2 Kh7 28. g4 Nf7 29. Qb2 Be8 30. f5 gxf5 31. gxf5 Rxg2+ 32.
Kxg2 Rg8+ 33. Kh2 Kh8 34. f6 Qf8 35. Nh4 Ng5 36. Nf4 Ne4 37. Nxe6 Qf7 38. Ng7
Qh5 39. Nxh5 Bxh5 40. f7 Bxf7 41. Rxf7 1-0

[Event "31st open TETEVEN"]
[Site "Teteven"]
[Date "2016.08.21"]
[Round "9.37"]
[White "Babatov, Martin"]
[Black "Banev, Simeon"]
[Result "1-0"]
[WhiteElo "1592"]
[BlackElo "1429"]
[PlyCount "59"]
[EventDate "2016.08.13"]
[EventType "swiss"]
[EventRounds "9"]
[EventCountry "BUL"]

1. d4 d5 2. c4 c6 3. Bf4 Nf6 4. e3 Bf5 5. Nc3 e6 6. c5 ({RR} 6. Qb3 Qc8 7. Nf3
Be7 8. Be2 Nbd7 9. h3 O-O 10. O-O Ne4 11. cxd5 exd5 12. Nxd5 cxd5 13. Rac1 Qd8
14. Qxd5 Bg6 15. Qxb7 Bd6 16. Ne5 Bxe5 17. dxe5 Ndc5 18. Qb4 Rb8 19. Qa3 Ne6
20. Bg4 Nxf4 {
Gurevich,D (2580)-Wojtkiewicz,A (2565)/Bad Zwesten 1997/CBM 057 Extra/1/2 (32)}
) 6... Nbd7 ({RR} 6... b6 7. b4 bxc5 8. bxc5 Qa5 9. Qb3 Ne4 10. Nge2 Qd8 11.
Nxe4 Bxe4 12. Nc3 Bf5 13. Qb7 Nd7 14. Qxc6 Be7 15. Ba6 Qa5 16. Rc1 Qa3 17. O-O
Rd8 18. Bc7 O-O 19. Bxd8 Rxd8 20. Qa4 Qxa4 21. Nxa4 {
Heinz,T (1646)-Schreer,M (1414)/Frankfurt Sossenheim 2015/EXT 2016/1-0}) 7. b4
$146 ({RR} 7. Bd3 Bg6 8. Bxg6 fxg6 9. h3 b6 10. b4 Be7 11. Nf3 O-O 12. Qd3 Nh5
13. Bh2 Bh4 14. O-O Be7 15. a4 bxc5 16. bxc5 Qc8 17. Rfb1 Bd8 18. Ra3 Bc7 19.
Rab3 Bxh2+ 20. Nxh2 Rb8 21. a5 Rxb3 {
Teubner,W (1755)-Pfefferl,F (2100)/Augsburg 1997/EXT 2006/1-0 (39)}) ({RR} 7.
h3 Ne4 8. Rc1 Ndf6 9. Bd3 Nxc3 10. Rxc3 Bxd3 11. Qxd3 b6 12. cxb6 axb6 13. Rxc6
Rxa2 14. Rc2 Bd6 15. Bxd6 Qxd6 16. Rc8+ Ke7 17. Rxh8 Ra1+ 18. Ke2 Qb4 19. Qd2
Qxd2+ 20. Kxd2 h6 21. Rb8 Ra6 {
Salas Torres,P (1687)-Serrano,K (1551)/Armenia 2013/EXT 2016/1-0 (48)}) ({RR} 
7. Nf3 Be7 8. Bd3 Bxd3 9. Qxd3 b6 10. b4 bxc5 11. bxc5 Qa5 12. O-O O-O 13. Rfb1
Nh5 14. Be5 f6 15. Bd6 Bxd6 16. cxd6 Rab8 17. g4 e5 18. dxe5 fxe5 19. Ng5 e4
20. Qd4 Nhf6 21. Ne6 Rfe8 {Billing,T-Kennel,M/Germany 2006/EXT 2012/1-0}) 7...
Be7 8. h3 O-O 9. Nf3 Ne4 10. Nxe4 Bxe4 11. Bd3 Nf6 12. O-O h6 13. a4 a6 14.
Bxe4 Nxe4 15. Qb3 Bg5 16. Bh2 Be7 17. b5 Bf6 18. bxc6 bxc6 19. Rab1 Qd7 20.
Rfd1 Bd8 21. Qb7 Qxb7 22. Rxb7 Nc3 23. Ra1 Re8 24. Ne5 Re7 25. Rxe7 Bxe7 26.
Nxc6 Bf6 27. Kf1 g5 28. f3 Bg7 29. Ke1 f6 30. Ra3 1-0